Introduction to microprocessors. (Record no. 2351)

MARC details
000 -LEADER
fixed length control field 00616nam a22002172 4500
001 - CONTROL NUMBER
control field 0000003979
005 - DATE AND TIME OF LATEST TRANSACTION
control field 20151217145747.0
008 - FIXED-LENGTH DATA ELEMENTS--GENERAL INFORMATION
fixed length control field 070517s xx 000 0 eng d
020 ## - INTERNATIONAL STANDARD BOOK NUMBER
International Standard Book Number 0074602225 :
Terms of availability GBP 29.99
040 ## - CATALOGING SOURCE
Original cataloging agency KABU
Transcribing agency KABU
050 #0 - LIBRARY OF CONGRESS CALL NUMBER
Classification number QA76.5
Item number .M38 1989
100 1# - MAIN ENTRY--PERSONAL NAME
Personal name Mathur, Aditya P.
-- 0000154273
245 10 - TITLE STATEMENT
Title Introduction to microprocessors.
250 ## - EDITION STATEMENT
Edition statement 3rd ed.
260 ## - PUBLICATION, DISTRIBUTION, ETC. (IMPRINT)
Place of publication, distribution, etc. New Delhi :
Name of publisher, distributor, etc. Tata McGraw-Hill,
Date of publication, distribution, etc. 1989.
300 ## - PHYSICAL DESCRIPTION
Extent xx, 612 p. ;
Dimensions cm.
650 #0 - SUBJECT ADDED ENTRY--TOPICAL TERM
Topical term or geographic name as entry element Microprocessors.
-- 0000154274
908 ## - PUT COMMAND PARAMETER (RLIN)
Put command parameter 070517
950 ## - LOCAL HOLDINGS (RLIN)
-- 1
Holdings
Withdrawn status Lost status Source of classification or shelving scheme Not for loan Home library Current library Date acquired Total Checkouts Full call number Barcode Date last seen Date last checked out Price effective from Koha item type
    Library of Congress Classification   Kabarak, Main Campus Kabarak, Main Campus 17/12/2015 7 QA76.5 .M38 1989 33909 25/02/2025 10/02/2025 17/12/2015 General Collection
Designed with assistance from East African Informatics Ltd